| 000 | 00841nam a2200181 i 4500 | ||
|---|---|---|---|
| 001 | 63516 | ||
| 003 | ES-MaACL | ||
| 005 | 20250820062233.0 | ||
| 007 | t| | ||
| 008 | 031211s1917 sp ||||1| spa d | ||
| 100 | 0 |
_aJuan Bautista Ferreres, _cBeato, _d1881-1936 _950536 |
|
| 245 | 1 | 0 |
_aInstituciones canónicas con arreglo al novísimo Código de Pío X promulgado por Benedicto XV y a las prescripciones de la disciplina española / _cpor el P. Juan B. Ferreres, S.J. |
| 260 |
_aBarcelona : _bEugenio Subirana, _c1917. |
||
| 300 |
_a2 v. (422, 435 p.) ; _c22 cm. |
||
| 500 | _aTítulo del v. 2: Instituciones canónicas con arreglo al novísimo Código de PÍo X promulgado por Benedicto XV y a las prescripciones de la disciplina española y de América Latina. | ||
| 852 |
_aES-MaACL _jA-618-19 |
||
| 999 |
_c63516 _d63516 |
||